| 000 | 00669nam a2200217 i 4500 | ||
|---|---|---|---|
| 001 | 114412 | ||
| 003 | ES-MaACL | ||
| 005 | 20250721144338.0 | ||
| 007 | t| | ||
| 008 | 070227s1959 fr ||||1| fre d | ||
| 080 | _a52(058) | ||
| 245 | 0 | 0 |
_aAnnuaire pour l'an 1959 / _cpublié par le Bureau des Longitudes. |
| 260 |
_aParis : _bGauttier-Villars, _c[1959] |
||
| 300 |
_a1 v. (pag. var.) : _bil. ; _c19 cm. |
||
| 650 | 7 |
_aAstronomía _2embne _910386 |
|
| 655 | 7 |
_2tgfbne _9226822 _aAnuarios |
|
| 710 | 1 |
_aFrance. _bBureau des Longitudes. _94154 |
|
| 852 |
_aES-MaACL _jE-11612 _z- Biblioteca Jacinto Martínez Lacalle |
||
| 942 | _2udc | ||
| 999 |
_c114412 _d114412 |
||